Countries of the Americas and Oceania - Statistics

General Stats
  • This quiz has been taken 685 times
  • The average score is 44 of 49
Answers on the Map
Answers color-coded by a green-red scale on the quiz's map according to % correct below.
 
Answer Stats
Country % Correct
Canada
99%
United States
99%
Australia
98%
Brazil
98%
Mexico
98%
Argentina
97%
Chile
97%
Cuba
97%
Peru
96%
Colombia
95%
New Zealand
95%
Panama
95%
Paraguay
95%
Bolivia
94%
Ecuador
94%
Uruguay
94%
Venezuela
94%
Costa Rica
93%
El Salvador
93%
Jamaica
93%
Bahamas
92%
Guatemala
92%
Haiti
92%
Honduras
92%
Belize
91%
Dominica
91%
Dominican Republic
91%
Fiji
91%
Guyana
91%
Papua New Guinea
91%
Suriname
91%
Nicaragua
88%
Samoa
87%
Solomon Islands
87%
Barbados
86%
Federated States of Micronesia
86%
Antigua and Barbuda
85%
Marshall Islands
85%
Saint Vincent and the Grenadines
85%
Trinidad and Tobago
85%
Kiribati
84%
Nauru
84%
Palau
84%
Saint Lucia
84%
Saint Kitts and Nevis
82%
Vanuatu
82%
Tuvalu
81%
Grenada
80%
Tonga
80%
No matching quizzes found
Score Distribution
Percent of People with Each Score
Percentile by Number Answered
Your Score History
You have not taken this quiz